Detalles MARC
| 000 -CABECERA |
| campo de control de longitud fija |
01247nam a2200325 a 4500 |
| 001 - NÚMERO DE CONTROL |
| campo de control |
000022009 |
| 005 - FECHA Y HORA DE LA ÚLTIMA TRANSACCIÓN |
| campo de control |
20200930011537.0 |
| 008 - DATOS DE LONGITUD FIJA--INFORMACIÓN GENERAL |
| campo de control de longitud fija |
100915s1982 sp r 000 0 spa d |
| 020 ## - NÚMERO INTERNACIONAL ESTÁNDAR DEL LIBRO |
| Número Internacional Estándar del Libro |
842760596X |
| 040 ## - FUENTE DE LA CATALOGACIÓN |
| Centro catalogador/agencia de origen |
DO-SdBNP |
| Lengua de catalogación |
spa |
| Centro/agencia transcriptor |
BNPHU |
| 082 ## - NÚMERO DE LA CLASIFICACIÓN DECIMAL DEWEY |
| Número de clasificación |
194 |
| Número de documento/Ítem |
H723s |
| 049 ## - FONDOS LOCALES (OCLC) |
| Fondos de biblioteca |
BNGR |
| 100 1# - ENTRADA PRINCIPAL--NOMBRE DE PERSONA |
| Nombre de persona |
Holbach, Barón D´ |
| 9 (RLIN) |
45619 |
| 245 10 - MENCIÓN DE TÍTULO |
| Título |
Sistema de la naturaleza / |
| Mención de responsabilidad, etc. |
Baron D´Holbach ; edición José Manuel Bermudo ; traducción Nerina Bacín , José Manuel Bermudo , Miguel Estapé , Alín Salom. |
| 260 ## - PUBLICACIÓN, DISTRIBUCIÓN, ETC. |
| Lugar de publicación, distribución, etc. |
Madrid, (España) : |
| Nombre del editor, distribuidor, etc. |
Editora Nacional, |
| Fecha de publicación, distribución, etc. |
1982. |
| 300 ## - DESCRIPCIÓN FÍSICA |
| Extensión |
629 p. ; |
| Dimensiones |
21 cm. |
| 490 1# - MENCIÓN DE SERIE |
| Mención de serie |
Clásicos para una biblioteca contemporanea. Pensamiento |
| Designación de volumen o secuencia |
16 |
| 504 ## - NOTA DE BIBLIOGRAFÍA, ETC. |
| Nota de bibliografía, etc. |
Incluye referencias bibliográficas |
| 504 ## - NOTA DE BIBLIOGRAFÍA, ETC. |
| Nota de bibliografía, etc. |
Incluye notas al pie de las páginas. |
| 650 #4 - PUNTO DE ACCESO ADICIONAL DE MATERIA--TÉRMINO DE MATERIA |
| Término de materia o nombre geográfico como elemento de entrada |
Filosofía y religión |
| 9 (RLIN) |
45620 |
| 650 #4 - PUNTO DE ACCESO ADICIONAL DE MATERIA--TÉRMINO DE MATERIA |
| Término de materia o nombre geográfico como elemento de entrada |
Naturalismo |
| 9 (RLIN) |
45621 |
| 650 #4 - PUNTO DE ACCESO ADICIONAL DE MATERIA--TÉRMINO DE MATERIA |
| Término de materia o nombre geográfico como elemento de entrada |
Materialismo |
| 9 (RLIN) |
45622 |
| 650 #4 - PUNTO DE ACCESO ADICIONAL DE MATERIA--TÉRMINO DE MATERIA |
| Término de materia o nombre geográfico como elemento de entrada |
Filosofía clásica |
| 9 (RLIN) |
45623 |
| 700 1# - PUNTO DE ACCESO ADICIONAL--NOMBRE DE PERSONA |
| Nombre de persona |
Bermudo, José Manuel, |
| Término indicativo de función/relación |
ed. |
| 9 (RLIN) |
45624 |
| 700 1# - PUNTO DE ACCESO ADICIONAL--NOMBRE DE PERSONA |
| Nombre de persona |
Bacín, Nerina, |
| Término indicativo de función/relación |
tr. |
| 9 (RLIN) |
45625 |
| 700 1# - PUNTO DE ACCESO ADICIONAL--NOMBRE DE PERSONA |
| Nombre de persona |
Bermudo, José Manuel, |
| Término indicativo de función/relación |
tr. |
| 9 (RLIN) |
45624 |
| 700 1# - PUNTO DE ACCESO ADICIONAL--NOMBRE DE PERSONA |
| Nombre de persona |
Estapé, Miguel, |
| Término indicativo de función/relación |
tr. |
| 9 (RLIN) |
45626 |
| 700 1# - PUNTO DE ACCESO ADICIONAL--NOMBRE DE PERSONA |
| Nombre de persona |
Salom, Alín, |
| Término indicativo de función/relación |
tr. |
| 9 (RLIN) |
45627 |
| 830 #0 - PUNTO DE ACCESO ADICIONAL DE SERIE-TÍTULO UNIFORME |
| Título uniforme |
Clásicos para una biblioteca contemporanea. |
| Nombre de parte o sección de la obra |
Pensamiento; |
| Designación de volumen o secuencia |
16 |
| 9 (RLIN) |
18430 |